<The> Europeanization of Metropolitan Regions from below: Comparing the European Engagement of Two Archetypical Metropolises
Zdôraznenie a vysvetlenie europeizácie metropolitných regiónov v Európe ako konkrétnych regionálnych orgánov. Autorka sa osobitne zameriava na to „kde“ a „kedy“ sa vytvára európsky rozmer v metropolitných regiónoch. Spôsob vývinu európskeho rozmeru v metropolitných politikách. Metódy zapojenia sa pr...
Saved in:
| Main Author: | |
|---|---|
| Format: | Book Chapter |
| Language: | English |
| Subjects: | |
| Tags: |
No Tags, Be the first to tag this record!
|
MARC
| LEADER | 00000naa a2200000 4500 | ||
|---|---|---|---|
| 001 | 0277788 | ||
| 005 | 20210811095335.7 | ||
| 041 | 0 | |a eng | |
| 044 | |a GB | ||
| 245 | 1 | 0 | |a <The> Europeanization of Metropolitan Regions from below: Comparing the European Engagement of Two Archetypical Metropolises |c Carola Fricke |
| 520 | |a Zdôraznenie a vysvetlenie europeizácie metropolitných regiónov v Európe ako konkrétnych regionálnych orgánov. Autorka sa osobitne zameriava na to „kde“ a „kedy“ sa vytvára európsky rozmer v metropolitných regiónoch. Spôsob vývinu európskeho rozmeru v metropolitných politikách. Metódy zapojenia sa prispievajúce k zvýšenej europeizácii metropolitných regiónov. | ||
| 610 | 2 | 0 | |a europeizácia |
| 610 | 2 | 0 | |a regióny metropolitné |
| 610 | 2 | 0 | |a politika zahraničná |
| 610 | 2 | 0 | |a spolupráca medzinárodná |
| 610 | 2 | 0 | |a modely |
| 100 | 1 | |a Fricke, Carola | |